<?xml version="1.0" encoding="UTF-8"?>
<collection xmlns="http://www.loc.gov/MARC21/slim">
 <record>
  <leader>00636nam a22002055a 4500</leader>
  <controlfield tag="001">EHU.bham051076</controlfield>
  <controlfield tag="008">221017s2022####ag############000#0#spa#d</controlfield>
  <controlfield tag="005">20221017115024.0</controlfield>
  <datafield tag="245" ind1="0" ind2="0">
   <subfield code="a">Tolvanera /</subfield>
   <subfield code="c">Laura Forchetti ; imágenes de Juan Lima.</subfield>
  </datafield>
  <datafield tag="260" ind1=" " ind2=" ">
   <subfield code="a">Córdoba :</subfield>
   <subfield code="b">Fruto de Dragón,</subfield>
   <subfield code="c">2022.</subfield>
  </datafield>
  <datafield tag="300" ind1=" " ind2=" ">
   <subfield code="a">108 p.</subfield>
  </datafield>
  <datafield tag="020" ind1=" " ind2=" ">
   <subfield code="a">9789874770349</subfield>
  </datafield>
  <datafield tag="100" ind1="1" ind2=" ">
   <subfield code="a">Forchetti, Laura.</subfield>
  </datafield>
  <datafield tag="700" ind1="1" ind2=" ">
   <subfield code="a">Lima, Juan, imágenes.</subfield>
  </datafield>
  <datafield tag="082" ind1="9" ind2="8">
   <subfield code="a">A868.5 F698</subfield>
  </datafield>
  <datafield tag="653" ind1=" " ind2=" ">
   <subfield code="a">Cartas</subfield>
  </datafield>
  <datafield tag="653" ind1=" " ind2=" ">
   <subfield code="a">Miscelánea argentina-2000-</subfield>
  </datafield>
  <datafield tag="653" ind1=" " ind2=" ">
   <subfield code="a">Crónicas de viajes</subfield>
  </datafield>
  <datafield tag="653" ind1=" " ind2=" ">
   <subfield code="a">Literatura argentina-2000-</subfield>
  </datafield>
  <datafield tag="859" ind1=" " ind2=" ">
   <subfield code="a">AR-BHAM</subfield>
   <subfield code="b">BIB. HUMANIDADES - General</subfield>
   <subfield code="h">A868.5</subfield>
   <subfield code="i">F698</subfield>
   <subfield code="p">474.22</subfield>
   <subfield code="t">1</subfield>
  </datafield>
 </record>
</collection>
